[Event "Koge Lang Jubilee Weekend Gr-3"]
[Site "Koge"]
[Date "2022.07.10"]
[Round "9"]
[White "Nielsen, Angelo"]
[Black "Kaergaard, Sissel"]
[Result "1/2-1/2"]
[WhiteElo "1689"]
[BlackElo "1588"]
[PlyCount "127"]
[EventDate "2022.07.06"]
[EventType "tourn"]
[EventRounds "9"]
[EventCountry "DEN"]
[SourceTitle "EXT 2024"]
[Source "ChessBase"]
[SourceDate "2023.10.10"]
[SourceVersion "1"]
[SourceVersionDate "2023.10.10"]
[SourceQuality "1"]

1. d4 d5 2. Nc3 Nf6 3. e4 dxe4 4. f3 exf3 5. Nxf3 e6 6. Bg5 Be7 7. Bc4 0-0 8. 0-0 Nbd7 9. Qe2 h6 10. Bh4 c6 11. Rae1 Qc7 12. Ne4 b5 13. Bg3 Qb6 14. Bb3 Bb7 15. Bxe6 Nxe4 16. Qxe4 Nf6 17. Qf5 fxe6 18. Qxe6+ Rf7 19. Ne5 Qxd4+ 20. Kh1 Raf8 21. Nxf7 Rxf7 22. c3 Qd2 23. Re2 Qd3 24. Rfe1 Bc5 25. Bf2 Bxf2 26. Rxf2 c5 27. h3 Qg3 28. Kg1 Bd5 29. Qe3 Qxe3 30. Rxe3 Bxa2 31. b4 Bc4 32. Rf5 cxb4 33. cxb4 Kf8 34. Rfe5 Rd7 35. g4 Nd5 36. Rf5+ Rf7 37. Rxf7+ Kxf7 38. Ra3 Nxb4 39. Rxa7+ Kg6 40. Kh2 Nd5 41. Ra6+ Kh7 42. Rc6 Nf4 43. h4 Be2 44. Kg3 Nd5 45. Kf2 Bc4 46. Kf3 Nf6 47. Kf4 Nd5+ 48. Ke5 Be2 49. g5 hxg5 50. hxg5 Ne7 51. Rb6 Ng6+ 52. Kd4 Bc4 53. Rb8 Ne7 54. Rb6 Ng6 55. Rb8 Ne7 56. Rb6 Bf1 57. Ke5 Ng6+ 58. Kd4 Ne7 59. Ke5 b4 60. Ke6 Ng6 61. Rxb4 Ba6 62. Rb2 Bd3 63. Rh2+ Kg8 64. Rd2 1/2-1/2

[Event "Koge Lang Sommer Weekend"]
[Site "Koge"]
[Date "2020.07.26"]
[Round "6"]
[White "Molvig, Henrik"]
[Black "Nielsen, Angelo"]
[Result "1-0"]
[WhiteElo "2075"]
[BlackElo "1717"]
[PlyCount "47"]
[EventDate "2020.07.22"]
[EventType "swiss"]
[EventRounds "7"]
[EventCountry "DEN"]
[SourceTitle "EXT 2021"]
[Source "ChessBase"]
[SourceDate "2020.10.23"]
[SourceVersion "1"]
[SourceVersionDate "2020.10.23"]
[SourceQuality "1"]

1. d4 g6 2. c4 Bg7 3. Nf3 d6 4. Nc3 c5 5. d5 e6 6. e4 exd5 7. cxd5 Nd7 8. Be2 Ne5 9. Nd2 Nf6 10. 0-0 0-0 11. h3 a6 12. f4 Ned7 13. a4 b6 14. Nc4 Ne8 15. Bf3 Rb8 16. Qe2 b5 17. axb5 axb5 18. Na5 Qb6 19. Nc6 Rb7 20. Ne7+ Kh8 21. Nxc8 Qc7 22. Ne7 Nb6 23. Nc6 b4 24. Nd1 1-0

[Event "Amager AMSF Gr2"]
[Site "Amager"]
[Date "2016.09.06"]
[Round "3"]
[White "Andersen, Daniel"]
[Black "Nielsen, Angelo"]
[Result "1-0"]
[WhiteElo "1760"]
[BlackElo "1701"]
[PlyCount "116"]
[EventDate "2016.08.16"]
[EventType "tourn"]
[EventRounds "7"]
[EventCountry "DEN"]
[SourceTitle "EXT 2023"]
[Source "ChessBase"]
[SourceDate "2022.10.05"]
[SourceVersion "1"]
[SourceVersionDate "2022.10.05"]
[SourceQuality "1"]

1. d4 Nf6 2. c4 d6 3. Nc3 g6 4. e4 Bg7 5. Be3 0-0 6. f3 Nc6 7. Qd2 e5 8. Nge2 exd4 9. Nxd4 Ne5 10. 0-0-0 a6 11. f4 Neg4 12. Bg1 Re8 13. Bd3 c5 14. Nde2 Qa5 15. h3 b5 16. Kb1 b4 17. Nd5 Nxd5 18. exd5 Nf6 19. Ng3 Ra7 20. Be3 Rae7 21. Rde1 h5 22. Bf2 h4 23. Ne2 Ne4 24. Bxe4 Rxe4 25. Bxh4 Bf5 26. Ka1 Re3 27. Nc1 Qa3 28. Bf2 R3e4 29. g4 Bd7 30. Nb3 Re2 31. Rxe2 Qxb2+ 32. Qxb2 Rxe2 33. Qxg7+ Kxg7 34. Bh4 f5 35. Re1 Rxe1+ 36. Bxe1 fxg4 37. hxg4 Bxg4 38. Bh4 Kf7 39. a3 Bd1 40. Kb2 Be2 41. Na5 bxa3+ 42. Kxa3 Ke8 43. Kb3 Bd1+ 44. Kc3 Kd7 45. Nb3 Bg4 46. Bf2 Bd1 47. Nd2 a5 48. Ne4 a4 49. Bxc5 dxc5 50. Nxc5+ Kd6 51. Kb4 a3 52. Ne4+ Ke7 53. Kxa3 Bf3 54. Nc3 Kf6 55. Kb4 g5 56. fxg5+ Kxg5 57. Kc5 Kf6 58. Kd6 Kf7 1-0

[Event "Amager Spring C"]
[Site "Amager"]
[Date "2015.04.28"]
[Round "1"]
[White "Nielsen, Angelo"]
[Black "Andersen, Peter"]
[Result "0-1"]
[WhiteElo "1499"]
[BlackElo "1466"]
[PlyCount "46"]
[EventDate "2015.04.28"]
[EventType "tourn"]
[EventRounds "5"]
[EventCountry "DEN"]
[SourceTitle "EXT 2023"]
[Source "ChessBase"]
[SourceDate "2022.10.05"]
[SourceVersion "1"]
[SourceVersionDate "2022.10.05"]
[SourceQuality "1"]

1. d4 Nf6 2. Bf4 d6 3. Nf3 g6 4. e3 Bg7 5. Bd3 0-0 6. Nbd2 Nbd7 7. c3 b6 8. Qc2 Bb7 9. e4 Nh5 10. Bg3 e5 11. 0-0-0 Re8 12. Kb1 Rc8 13. Qb3 exd4 14. cxd4 a6 15. Rhe1 b5 16. Bh4 Bf6 17. g3 g5 18. e5 dxe5 19. g4 Nf4 20. Bxh7+ Kg7 21. dxe5 Nxe5 22. Bf5 Bd5 23. Qc3 Nxf3 0-1

[Event "Amager-ch B"]
[Site "Amager"]
[Date "2014.08.26"]
[Round "2"]
[White "Nielsen, Angelo"]
[Black "Lundborg, Jakob"]
[Result "0-1"]
[WhiteElo "1566"]
[BlackElo "1656"]
[PlyCount "82"]
[EventDate "2014.08.19"]
[EventType "tourn"]
[EventRounds "7"]
[EventCountry "DEN"]
[SourceTitle "EXT 2023"]
[Source "ChessBase"]
[SourceDate "2022.10.05"]
[SourceVersion "1"]
[SourceVersionDate "2022.10.05"]
[SourceQuality "1"]

1. d4 d5 2. c4 dxc4 3. Nc3 a6 4. a4 Nc6 5. Nf3 Nf6 6. e4 Bg4 7. Be3 e5 8. d5 Na5 9. Be2 Bb4 10. Nxe5 Bxe2 11. Qxe2 Nxe4 12. 0-0 Nxc3 13. bxc3 Bxc3 14. Bc5 Qxd5 15. Nc6+ Qe6 16. Qxe6+ fxe6 17. Rac1 Nxc6 18. Rxc3 b6 19. Ba3 b5 20. Re1 0-0-0 21. axb5 axb5 22. Bc1 Rd3 23. Rxd3 cxd3 24. Rxe6 Nd4 25. Re1 Ne2+ 26. Kf1 Nxc1 27. Rxc1 d2 28. Rd1 Rd8 29. Ke2 c5 30. f4 c4 31. Rxd2 Rxd2+ 32. Kxd2 Kd8 33. Kc3 Kd7 34. g4 Ke6 35. Kd4 g6 36. h3 h5 37. Ke4 b4 38. Kd4 b3 39. Kc3 Kd5 40. f5 gxf5 41. gxf5 Ke5 0-1